Black Metal Bands by Album II - Statistics

General Stats
  • This quiz has been taken 43 times
  • The average score is 8 of 20
Answer Stats
Album Band % Correct
In The Nightside Eclipse Emperor
91%
Black Metal Ist Krieg Nargaroth
80%
Storm Of The Light's Bane Dissection
77%
Sons of Northern Darkness Immortal
77%
Exercises in Futility Mgła
71%
Nemesis Divina Satyricon
71%
Кров у наших криницях (Blood in Our Wells) Drudkh
51%
Minas Morgul Summoning
43%
Ashes Against The Grain Agalloch
40%
The Work Which Transforms God Blut aus Nord
37%
Im Wald Paysage d'Hiver
34%
Orkblut - The Retaliation Abigor
23%
To Violate the Oblivious Xasthur
20%
Black Cascade Wolves in the Throne Room
14%
Vadak Thy Catafalque
11%
666 International Dødheimsgard
9%
Revelations of the Black Flame 1349
6%
Yodh Mizmor
6%
Gehirn zwischen Wahn und Sinn Fäulnis
3%
Atna Sadness
3%
No matching quizzes found
Score Distribution
Percent of People with Each Score
Percentile by Number Answered
Your Score History
You have not taken this quiz